00623nam a2200181 a 450000500170000000800410001702000180005805000240007610000200010024500840012025000120020426000560021630000470027250000510031965000200037065000290039065000220041920140310183611.0120825s19uu xx 00 eng d a9780538452601 aTS 156 b.Ev15 2011 aEvans, James R. aThe Management and control of quality /cJames R. Evans and William M. Lindsay. a8th ed. aAustralia :bSouth Western Cengage Learning,c2001. a1 v. (various pagings) : bill. ; c26 cm. aIncludes bibliographical references and index. aQuality control aTotal quality management aQuality assurance